000 00522nam a22001817a 4500
005 20160621144424.0
010 _aENG-115182
020 _a9789385755835
_c299.00
035 _aEN-98714
037 _bDBAD/PUB
082 _aN
100 _aDaswani, Kavita
245 _aKingpin :
_cby Kavita Daswani
_bmade in Singapore, destroyed in Dubai /
260 _aNew Delhi
_bSpeaking Tiger
_c2016
270 _a4381/4, Ansari Road, Daryaganj,
_bNew Delhi
_e110002
300 _a249p.
_c21cm(pbk)
942 _2ddc
_cEN
_mDAS
_hN
999 _c100149
_d100149